[Event "Budapest Vezerkepzo IM 04"]
[Site "Budapest"]
[Date "2025.04.27"]
[Round "8"]
[White "Lad, Mandar Pradip"]
[Black "Adithya, A Chullikkad"]
[Result "1-0"]
[WhiteElo "2375"]
[BlackElo "2120"]
[PlyCount "121"]
[EventDate "2025.04.22"]
[EventType "tourn"]
[EventRounds "9"]
[EventCountry "HUN"]
[SourceTitle "CB20_2025"]
[SourceDate "2025.05.14"]
[SourceVersion "1"]
[SourceVersionDate "2025.05.14"]
[SourceQuality "1"]

1. Nf3 Nf6 2. c4 e6 3. g3 d5 4. Bg2 Be7 5. 0-0 0-0 6. d3 c5 7. Ne5 Nbd7 8. Nxd7 Qxd7 9. e4 dxe4 10. dxe4 Qc7 11. Nc3 Bd7 12. e5 Qxe5 13. Bxb7 Rad8 14. Bf4 Qf5 15. Qe2 g5 16. Bc7 Rc8 17. Bxc8 Rxc8 18. Qe5 Qxe5 19. Bxe5 Ng4 20. Rfe1 Bc6 21. Rad1 Nxe5 22. Rxe5 Bf3 23. Rd3 g4 24. Ne4 Rb8 25. b3 f6 26. Rxe6 Kf7 27. Rxe7+ Kxe7 28. Nxc5 Rc8 29. Na4 Kf7 30. Nc3 Re8 31. Kf1 a5 32. Rd7+ Ke6 33. Rxh7 Rd8 34. Ke1 Rd3 35. Ra7 Rd8 36. Rxa5 Rh8 37. Ne2 Be4 38. Rh5 Ra8 39. a4 f5 40. Rh7 Ke5 41. Rc7 Kd6 42. Rg7 Ke5 43. Re7+ Kd6 44. Rh7 Kc5 45. Nc3 Bf3 46. Nd5 Rb8 47. Rc7+ Kd6 48. Rf7 Rxb3 49. Rxf5 Ra3 50. Ne3 Rxa4 51. Rf4 Ra1+ 52. Kd2 Ra2+ 53. Kc3 Kc5 54. Rf5+ Kc6 55. h3 gxh3 56. Rxf3 h2 57. Rf6+ Kc5 58. Rf5+ Kc6 59. Rh5 Rxf2 60. Kd3 Ra2 61. Nc2 1-0

[Event "Budapest Vezerkepzo IM 04"]
[Site "Budapest"]
[Date "2025.04.26"]
[Round "6"]
[White "Neverov, Valeriy"]
[Black "Adithya, A Chullikkad"]
[Result "1/2-1/2"]
[WhiteElo "2426"]
[BlackElo "2120"]
[PlyCount "54"]
[EventDate "2025.04.22"]
[EventType "tourn"]
[EventRounds "9"]
[EventCountry "HUN"]
[SourceTitle "CB20_2025"]
[SourceDate "2025.05.14"]
[SourceVersion "1"]
[SourceVersionDate "2025.05.14"]
[SourceQuality "1"]

1. d4 Nf6 2. c4 e6 3. Nc3 Bb4 4. e3 0-0 5. Bd3 d5 6. a3 Bd6 7. c5 Be7 8. b4 b6 9. Nf3 c6 10. 0-0 a5 11. Bd2 Nbd7 12. Qc2 h6 13. e4 dxe4 14. Nxe4 Ba6 15. Nxf6+ Nxf6 16. Bxa6 Rxa6 17. bxa5 bxc5 18. dxc5 Qd5 19. Bb4 Bd8 20. Qe2 Ra8 21. Rad1 Qh5 22. Qe5 Bxa5 23. Qxh5 Nxh5 24. Ne5 Rfc8 25. Rd7 Nf6 26. Rb7 Bc7 27. Nxc6 Bxh2+ 1/2-1/2

[Event "Pozarevac Rudar IM 04"]
[Site "Pozarevac"]
[Date "2025.04.11"]
[Round "6"]
[White "Adithya, A Chullikkad"]
[Black "Stojanovic, Mihajlo"]
[Result "1/2-1/2"]
[WhiteElo "2120"]
[BlackElo "2404"]
[PlyCount "26"]
[EventDate "2025.04.07"]
[EventType "tourn"]
[EventRounds "9"]
[EventCountry "SRB"]
[SourceTitle "CB20_2025"]
[SourceDate "2025.05.14"]
[SourceVersion "1"]
[SourceVersionDate "2025.05.14"]
[SourceQuality "1"]

1. e4 e6 2. d4 d5 3. exd5 exd5 4. Nf3 Nc6 5. Bb5 Nge7 6. 0-0 a6 7. Ba4 b5 8. Bb3 Na5 9. Bd2 Nxb3 10. axb3 f6 11. Re1 Kf7 12. Bb4 Nc6 13. Bxf8 Rxf8 1/2-1/2

[Event "Pozarevac Rudar IM 03"]
[Site "Pozarevac"]
[Date "2025.04.06"]
[Round "9"]
[White "Matovic, Mihajlo Z"]
[Black "Adithya, A Chullikkad"]
[Result "1-0"]
[WhiteElo "2182"]
[BlackElo "2101"]
[PlyCount "71"]
[EventDate "2025.03.30"]
[EventType "tourn"]
[EventRounds "9"]
[EventCountry "SRB"]
[SourceTitle "CB15_2025"]
[SourceDate "2025.04.09"]
[SourceVersion "1"]
[SourceVersionDate "2025.04.09"]
[SourceQuality "1"]

1. e4 c5 2. Nf3 Nc6 3. d4 cxd4 4. Nxd4 g6 5. Nc3 Bg7 6. Be3 Nf6 7. Bc4 0-0 8. Bb3 d6 9. f3 Bd7 10. Qd2 Rc8 11. g4 Qa5 12. 0-0-0 Ne5 13. h4 Nc4 14. Qe1 Nxe3 15. Qxe3 Qc5 16. h5 e5 17. hxg6 hxg6 18. Nf5 Bxf5 19. Qxc5 dxc5 20. exf5 c4 21. Ba4 gxf5 22. g5 Nh7 23. Nd5 Rc5 24. Ne7+ Kh8 25. Rxh7+ Kxh7 26. Rh1+ Bh6 27. Rxh6+ Kg7 28. Nxf5+ Kg8 29. c3 Rd8 30. Bc2 Rc7 31. Ne3 Rc5 32. Be4 b6 33. Ng4 Kf8 34. Rh7 Rd6 35. Nh6 Rc7 36. Rh8+ 1-0

[Event "Pozarevac Rudar IM 03"]
[Site "Pozarevac"]
[Date "2025.04.02"]
[Round "5"]
[White "Zheng, Harry Z"]
[Black "Adithya, A Chullikkad"]
[Result "1/2-1/2"]
[WhiteElo "2210"]
[BlackElo "2101"]
[PlyCount "85"]
[EventDate "2025.03.30"]
[EventType "tourn"]
[EventRounds "9"]
[EventCountry "SRB"]
[SourceTitle "CB15_2025"]
[SourceDate "2025.04.09"]
[SourceVersion "1"]
[SourceVersionDate "2025.04.09"]
[SourceQuality "1"]

1. e4 c5 2. Nf3 Nc6 3. d4 cxd4 4. Nxd4 Nf6 5. Nc3 d6 6. Bg5 e6 7. Qd2 a6 8. 0-0-0 Bd7 9. Kb1 Nxd4 10. Qxd4 h6 11. Bh4 Be7 12. f4 Bc6 13. Be2 Qc7 14. Bf3 0-0-0 15. Qe3 Rhg8 16. Bf2 Nd7 17. g4 g5 18. Bg3 gxf4 19. Bxf4 Bg5 20. h4 Bxf4 21. Qxf4 Ne5 22. Be2 Qe7 23. Rd2 Kc7 24. Nd1 Rg6 25. h5 Qg5 26. Rf1 Qxf4 27. Rxf4 Rg7 28. Ne3 Kd7 29. Bd3 Rdg8 30. b3 Kc7 31. Rdf2 Be8 32. Be2 Kc6 33. a4 Kc5 34. c3 Bc6 35. Kc2 Kb6 36. Rf1 Be8 37. c4 a5 38. Kc3 Kc7 39. Rf6 Rh8 40. R6f4 Bc6 41. Bd1 Kd8 42. Be2 Ke7 43. Bd1 1/2-1/2

[Event "World Schools U17"]
[Site "Vrnjacka Banja"]
[Date "2025.03.28"]
[Round "9"]
[White "Adithya, A Chullikkad"]
[Black "Elmirzaev, Khondamir"]
[Result "1/2-1/2"]
[WhiteElo "2101"]
[BlackElo "2036"]
[PlyCount "69"]
[EventDate "2025.03.20"]
[EventType "swiss"]
[EventRounds "9"]
[EventCountry "SRB"]
[SourceTitle "CB14_2025"]
[SourceDate "2024.11.01"]
[SourceVersion "1"]
[SourceVersionDate "2024.11.01"]
[SourceQuality "1"]

1. e4 c5 2. Nf3 d6 3. d4 cxd4 4. Nxd4 Nf6 5. Nc3 a6 6. Bg5 e6 7. f4 Be7 8. e5 dxe5 9. fxe5 Nd5 10. Bxe7 Qxe7 11. Nf5 exf5 12. Nxd5 Qh4+ 13. g3 Qe4+ 14. Kf2 0-0 15. Ne7+ Kh8 16. Qd6 Nd7 17. Bd3 Qxe5 18. Nxc8 Raxc8 19. Qxd7 Rfd8 20. Qxf5 Rxc2+ 21. Kf1 Qxf5+ 22. Bxf5 Rxb2 23. a4 g6 24. Bg4 Rdd2 25. Bd1 Kg7 26. h3 h5 27. h4 Rf2+ 28. Ke1 Rg2 29. Ra3 b5 30. axb5 axb5 31. Rf1 f5 32. Re3 Kf6 33. Rf4 Rg1+ 34. Rf1 Rgg2 35. Rf4 1/2-1/2

[Event "Budapest Kluger Memorial"]
[Site "Budapest"]
[Date "2024.08.29"]
[Round "2"]
[White "Xie, Felix"]
[Black "Adithya, A Chullikkad"]
[Result "1/2-1/2"]
[WhiteElo "2326"]
[BlackElo "2111"]
[PlyCount "114"]
[EventDate "2024.08.28"]
[EventType "tourn"]
[EventRounds "9"]
[EventCountry "HUN"]
[EventCategory "6"]
[SourceTitle "EXT 2025"]
[Source "ChessBase"]
[SourceDate "2024.10.14"]
[SourceVersion "1"]
[SourceVersionDate "2024.10.14"]
[SourceQuality "1"]

1. e4 d5 2. exd5 Qxd5 3. Nc3 Qa5 4. Nf3 Nf6 5. d4 Bf5 6. Ne5 c6 7. Bc4 e6 8. g4 Be4 9. 0-0 Bd5 10. Nxd5 cxd5 11. Bd3 Nc6 12. c3 Nxe5 13. dxe5 Nd7 14. Qe2 g6 15. f4 h5 16. f5 gxf5 17. gxf5 0-0-0 18. Kh1 Bh6 19. Bxh6 Rxh6 20. Rg1 Rhh8 21. Rg7 Rdf8 22. Bb5 Nb8 23. c4 a6 24. cxd5 Qxb5 25. Rc1+ Kd8 26. Qxb5 axb5 27. fxe6 Na6 28. exf7 Nc7 29. e6 Nxd5 30. Rd1 Ke7 31. Rxd5 Kxe6 32. Rxb5 Kf6 33. Rg1 Kxf7 34. Rf1+ Ke6 35. Rxf8 Rxf8 36. Rxb7 Rf2 37. Kg1 Rc2 38. Rb5 Kd6 39. a4 Kc6 40. b4 Ra2 41. Rc5+ Kd6 42. a5 Rb2 43. Rb5 Kc6 44. Rb6+ Kc7 45. b5 h4 46. h3 Rb3 47. Kg2 Rg3+ 48. Kh2 Rg5 49. Rc6+ Kd7 50. a6 Rxb5 51. a7 Ra5 52. Rh6 Kc7 53. Rxh4 Kb7 54. Rh7+ Ka8 55. Rf7 Ra2+ 56. Kg3 Rg2+ 57. Kh4 Rg4+ 1/2-1/2

[Event "Lignano Bella Italia op 3rd"]
[Site "Lignano Sabbiadoro"]
[Date "2024.08.22"]
[Round "8"]
[White "Rubinshtein, Kamilla"]
[Black "Adithya, A Chullikkad"]
[Result "1-0"]
[WhiteElo "1987"]
[BlackElo "2111"]
[PlyCount "54"]
[EventDate "2024.08.17"]
[EventType "swiss"]
[EventRounds "9"]
[EventCountry "ITA"]
[SourceTitle "CBM 221 Extra"]
[Source "ChessBase"]
[SourceDate "2024.09.30"]
[SourceVersion "1"]
[SourceVersionDate "2024.09.30"]
[SourceQuality "1"]

1. e4 c5 2. Nf3 d6 3. Bb5+ Nd7 4. c3 a6 5. Ba4 b5 6. Bc2 c4 7. 0-0 g6 8. a4 Bb7 9. d4 cxd3 10. Bxd3 Ngf6 11. axb5 axb5 12. Rxa8 Qxa8 13. Na3 Bg7 14. Nxb5 0-0 15. Re1 Bxe4 16. Bxe4 Nxe4 17. Nc7 Qb7 18. Qd5 Qxc7 19. Qxe4 e6 20. h4 d5 21. Qg4 Qb6 22. Re2 Qa6 23. Re1 Rb8 24. h5 Nf6 25. Qf4 Qb7 26. h6 Bh8 27. Ne5 Rf8 1-0

[Event "Lignano Bella Italia op 3rd"]
[Site "Lignano Sabbiadoro"]
[Date "2024.08.17"]
[Round "1"]
[White "Adithya, A Chullikkad"]
[Black "Omelja, Artem"]
[Result "0-1"]
[WhiteElo "2111"]
[BlackElo "2434"]
[PlyCount "74"]
[EventDate "2024.08.17"]
[EventType "swiss"]
[EventRounds "9"]
[EventCountry "ITA"]
[SourceTitle "CBM 221 Extra"]
[Source "ChessBase"]
[SourceDate "2024.09.30"]
[SourceVersion "1"]
[SourceVersionDate "2024.09.30"]
[SourceQuality "1"]

1. e4 e6 2. d4 d5 3. Nc3 Bb4 4. e5 Qd7 5. Bd2 b6 6. Qg4 f5 7. Qg3 Ba6 8. Bxa6 Nxa6 9. Qd3 Nb8 10. Nge2 c5 11. Nb5 c4 12. Qg3 Bf8 13. Nbc3 Nc6 14. Nd1 0-0-0 15. c3 Kb7 16. h4 Nge7 17. Nf4 b5 18. f3 Nc8 19. Nf2 Nb6 20. N2h3 Rc8 21. Ke2 Nd8 22. Kf2 a6 23. Ke2 Rc7 24. h5 Nf7 25. Rhf1 Rg8 26. Ng5 Nxg5 27. Qxg5 Qf7 28. Qg3 Be7 29. Rh1 Na4 30. Rab1 Bd8 31. Rhf1 g5 32. hxg6 hxg6 33. Nh3 g5 34. f4 gxf4 35. Qf3 Rg3 36. Qf2 Qh5+ 37. Ke1 Rxh3 0-1

[Event "Budapest FS08 IM"]
[Site "Budapest"]
[Date "2024.08.10"]
[Round "9"]
[White "Lucas, Arthur"]
[Black "Adithya, A Chullikkad"]
[Result "1-0"]
[WhiteElo "2332"]
[BlackElo "2111"]
[PlyCount "77"]
[EventDate "2024.08.03"]
[EventType "tourn"]
[EventRounds "9"]
[EventCountry "HUN"]
[EventCategory "1"]
[SourceTitle "CBM 221 Extra"]
[Source "ChessBase"]
[SourceDate "2024.09.30"]
[SourceVersion "1"]
[SourceVersionDate "2024.09.30"]
[SourceQuality "1"]

1. e4 c5 2. Nf3 d6 3. d4 cxd4 4. Nxd4 Nf6 5. Nc3 g6 6. Be3 Bg7 7. f3 0-0 8. Qd2 Nc6 9. 0-0-0 d5 10. Nxc6 bxc6 11. Bc4 e6 12. Bb3 Nd7 13. h4 Qe7 14. Na4 Bb7 15. h5 Rfd8 16. hxg6 fxg6 17. Qa5 Bf8 18. c4 Rdc8 19. Rhe1 Qb4 20. Bd2 Qxa5 21. Bxa5 Kf7 22. Kb1 Nf6 23. Nc3 dxc4 24. Bxc4 Re8 25. Ne2 Bc5 26. Nf4 g5 27. Nd3 Bd4 28. Bd2 h6 29. Be3 Bxe3 30. Ne5+ Kg7 31. Rxe3 Re7 32. Rd6 Ne8 33. Rd2 Kf6 34. Nd7+ Kg7 35. Nc5 Kf6 36. e5+ Kg6 37. Bxe6 Bc8 38. Rd8 Bb7 39. Nxb7 1-0

[Event "Budapest FS08 IM"]
[Site "Budapest"]
[Date "2024.08.08"]
[Round "7"]
[White "Zherebtsova, Alexandra"]
[Black "Adithya, A Chullikkad"]
[Result "1/2-1/2"]
[WhiteElo "2246"]
[BlackElo "2111"]
[PlyCount "52"]
[EventDate "2024.08.03"]
[EventType "tourn"]
[EventRounds "9"]
[EventCountry "HUN"]
[EventCategory "1"]
[SourceTitle "CBM 221 Extra"]
[Source "ChessBase"]
[SourceDate "2024.09.30"]
[SourceVersion "1"]
[SourceVersionDate "2024.09.30"]
[SourceQuality "1"]

1. d4 Nf6 2. c4 g6 3. Nc3 d5 4. cxd5 Nxd5 5. e4 Nxc3 6. bxc3 Bg7 7. Bc4 c5 8. Ne2 0-0 9. d5 Nd7 10. 0-0 Nb6 11. Bb3 c4 12. Bc2 f5 13. f3 fxe4 14. Bxe4 Qc7 15. Ba3 Rd8 16. Qd2 Nxd5 17. Bxd5+ e6 18. Bxe6+ Bxe6 19. Nd4 Bf5 20. Qf2 Qb6 21. Bb2 Bd3 22. Rfe1 Re8 23. g3 Rad8 24. Kg2 Kf7 25. h4 Bf6 26. Rac1 a6 1/2-1/2

[Event "Budapest FS08 IM"]
[Site "Budapest"]
[Date "2024.08.05"]
[Round "3"]
[White "Adithya, A Chullikkad"]
[Black "Seres, Lajos"]
[Result "1/2-1/2"]
[WhiteElo "2111"]
[BlackElo "2322"]
[PlyCount "60"]
[EventDate "2024.08.03"]
[EventType "tourn"]
[EventRounds "9"]
[EventCountry "HUN"]
[EventCategory "1"]
[SourceTitle "CBM 221 Extra"]
[Source "ChessBase"]
[SourceDate "2024.09.30"]
[SourceVersion "1"]
[SourceVersionDate "2024.09.30"]
[SourceQuality "1"]

1. e4 c6 2. d4 d5 3. Nc3 dxe4 4. Nxe4 Nd7 5. Bd3 Ngf6 6. Ng5 e6 7. N1f3 Bd6 8. c3 h6 9. Ne4 Nxe4 10. Bxe4 Qc7 11. Qe2 b6 12. d5 Nc5 13. dxc6 Ba6 14. c4 Rc8 15. 0-0 Nxe4 16. Qxe4 Qxc6 17. Qxc6+ Rxc6 18. b3 e5 19. Re1 f6 20. Nd4 Rc7 21. Nc2 Kf7 22. Ba3 Bxa3 23. Nxa3 Rd8 24. Rad1 Rcd7 25. Rxd7+ Rxd7 26. Kf1 Rd2 27. Re2 Rd1+ 28. Re1 Rd2 29. Re2 Rd1+ 30. Re1 Rd2 1/2-1/2

[Event "Budapest FS08 IM"]
[Site "Budapest"]
[Date "2024.08.04"]
[Round "2"]
[White "Padhye, Rohan"]
[Black "Adithya, A Chullikkad"]
[Result "1-0"]
[WhiteElo "2276"]
[BlackElo "2111"]
[PlyCount "97"]
[EventDate "2024.08.03"]
[EventType "tourn"]
[EventRounds "9"]
[EventCountry "HUN"]
[EventCategory "1"]
[SourceTitle "CBM 221 Extra"]
[Source "ChessBase"]
[SourceDate "2024.09.30"]
[SourceVersion "1"]
[SourceVersionDate "2024.09.30"]
[SourceQuality "1"]

1. e4 c5 2. c3 d5 3. exd5 Qxd5 4. d4 Nc6 5. Nf3 Nf6 6. Be3 e6 7. Na3 cxd4 8. Nb5 Qd8 9. Nbxd4 Nd5 10. Bd2 Be7 11. Nxc6 bxc6 12. Qc2 Qb6 13. Bd3 Ba6 14. 0-0 Bxd3 15. Qxd3 0-0 16. c4 Nb4 17. Qe4 Bf6 18. c5 Qc7 19. Bxb4 Bxb2 20. Rad1 a5 21. Bd2 Rfe8 22. Bf4 e5 23. Bg3 Qe7 24. Rd6 Rac8 25. Bh4 f6 26. Rb1 Ba3 27. h3 Qf7 28. Qc2 Kh8 29. Rbd1 e4 30. Nd4 Qh5 31. Bg3 Qxc5 32. Qxc5 Bxc5 33. Rxc6 Bxd4 34. Rxc8 Bxf2+ 35. Kxf2 Rxc8 36. Bc7 Kg8 37. Rd8+ Rxd8 38. Bxd8 a4 39. Ke3 f5 40. Kf4 g6 41. Bg5 Kg7 42. Ke5 Kf7 43. Kd6 Kg7 44. Ke6 Kf8 45. Kf6 Ke8 46. Kg7 Kd7 47. Kxh7 Ke6 48. Kxg6 Ke5 49. g3 1-0

[Event "Krakow op"]
[Site "Krakow"]
[Date "2024.06.23"]
[Round "3"]
[White "Petrovic, Aleksa"]
[Black "Adithya, A Chullikkad"]
[Result "1-0"]
[WhiteElo "2303"]
[BlackElo "2216"]
[PlyCount "73"]
[EventDate "2024.06.22"]
[EventType "swiss"]
[EventRounds "9"]
[EventCountry "POL"]
[SourceTitle "CBM 220 Extra"]
[Source "ChessBase"]
[SourceDate "2024.07.31"]
[SourceVersion "1"]
[SourceVersionDate "2024.07.31"]
[SourceQuality "1"]

1. d4 Nf6 2. Nf3 d5 3. c4 e6 4. e3 Be7 5. b3 0-0 6. Bd3 c5 7. 0-0 b6 8. Bb2 Bb7 9. Nbd2 Nbd7 10. Qe2 Rc8 11. Rad1 Qc7 12. Ne5 Rfd8 13. f4 Ne4 14. cxd5 exd5 15. Nxe4 dxe4 16. Bc4 Nxe5 17. fxe5 Bd5 18. Bxd5 Rxd5 19. Qg4 Qd7 20. Qxe4 Bf8 21. Rc1 Rd8 22. Rc2 Qe6 23. Qf3 R5d7 24. Rd2 cxd4 25. exd4 Bc5 26. Rdd1 Bf8 27. Rc1 Qe8 28. Rc6 Rd5 29. Rc7 R8d7 30. Rfc1 h6 31. g3 b5 32. Qg4 Bb4 33. Rc8 Rd8 34. Rxd8 Rxd8 35. d5 Ba5 36. e6 Qf8 37. e7 1-0

[Event "Titled Tuesday intern op 21st May Early"]
[Site "Chess.com INT"]
[Date "2024.05.21"]
[Round "8"]
[White "Adithya, A Chullikkad"]
[Black "Toktomushev, Teimur"]
[Result "1-0"]
[WhiteElo "2216"]
[BlackElo "2295"]
[PlyCount "93"]
[EventDate "2024.05.21"]
[EventType "swiss (blitz)"]
[EventRounds "11"]
[EventCountry "USA"]
[SourceTitle "CBM 220 Extra"]
[Source "ChessBase"]
[SourceDate "2024.07.31"]
[SourceVersion "1"]
[SourceVersionDate "2024.07.31"]
[SourceQuality "1"]

1. d4 d5 2. Nf3 Nf6 3. g3 Bf5 4. Bg2 e6 5. 0-0 c6 6. c3 Nbd7 7. Bf4 Be7 8. Nbd2 0-0 9. Nh4 Bg4 10. h3 Bh5 11. g4 Ne8 12. Nhf3 Bg6 13. Ne5 Nxe5 14. dxe5 f6 15. Nf3 Be4 16. Nd4 Bxg2 17. Kxg2 fxe5 18. Bxe5 Qd7 19. Nf3 Bd6 20. b4 Rxf3 21. Bxd6 Rxc3 22. Be5 Rc4 23. a3 Nd6 24. f3 Nf7 25. Bg3 e5 26. e4 Rd8 27. Qb3 b5 28. Rad1 Qe6 29. exd5 cxd5 30. Rfe1 h6 31. Rd2 Qf6 32. Qe3 e4 33. f4 Rd7 34. Qf2 Qc6 35. Red1 d4 36. Re2 e3+ 37. Qf3 Qc7 38. f5 Rc2 39. Bxc7 Rdxc7 40. Rxd4 Ng5 41. Qxe3 Kh7 42. Rxc2 Rxc2+ 43. Rd2 Rc1 44. Qd3 Re1 45. f6+ g6 46. Qd7+ Kg8 47. Qg7# 1-0

[Event "Titled Tuesday intern op 21st May Early"]
[Site "Chess.com INT"]
[Date "2024.05.21"]
[Round "11"]
[White "Bilan, Danila"]
[Black "Adithya, A Chullikkad"]
[Result "1-0"]
[WhiteElo "2303"]
[BlackElo "2216"]
[PlyCount "45"]
[EventDate "2024.05.21"]
[EventType "swiss (blitz)"]
[EventRounds "11"]
[EventCountry "USA"]
[SourceTitle "CBM 220 Extra"]
[Source "ChessBase"]
[SourceDate "2024.07.31"]
[SourceVersion "1"]
[SourceVersionDate "2024.07.31"]
[SourceQuality "1"]

1. d4 a5 2. Nf3 b6 3. e4 Bb7 4. e5 g6 5. Bc4 Bg7 6. 0-0 e6 7. Bg5 Ne7 8. Nbd2 0-0 9. Re1 d5 10. Bd3 c5 11. c3 cxd4 12. cxd4 Ba6 13. Nf1 Bxd3 14. Qxd3 Nbc6 15. a3 Qd7 16. Ng3 h6 17. Be3 Rfc8 18. h4 h5 19. Bg5 a4 20. Bf6 Na5 21. Qe3 Nc4 22. Qg5 Bxf6 23. exf6 1-0

[Event "Titled Tuesday intern op 21st May Early"]
[Site "Chess.com INT"]
[Date "2024.05.21"]
[Round "9"]
[White "Nurgaliyeva, Zarina"]
[Black "Adithya, A Chullikkad"]
[Result "1-0"]
[WhiteElo "2108"]
[BlackElo "2216"]
[PlyCount "111"]
[EventDate "2024.05.21"]
[EventType "swiss (blitz)"]
[EventRounds "11"]
[EventCountry "USA"]
[SourceTitle "CBM 220 Extra"]
[Source "ChessBase"]
[SourceDate "2024.07.31"]
[SourceVersion "1"]
[SourceVersionDate "2024.07.31"]
[SourceQuality "1"]

1. e4 e5 2. Nf3 d6 3. d4 exd4 4. Nxd4 Nf6 5. Nc3 Be7 6. Bc4 Nbd7 7. 0-0 0-0 8. f4 c6 9. a4 Nb6 10. Ba2 d5 11. e5 Ne4 12. Nxe4 dxe4 13. c3 c5 14. Nc2 a5 15. Qe2 Qd3 16. Qxd3 exd3 17. Ne3 Be6 18. c4 f5 19. Nd5 Bd8 20. Be3 Nxa4 21. Rfd1 Nxb2 22. Rd2 Nxc4 23. Bxc4 b5 24. Bxb5 Bxd5 25. Bxc5 Rf7 26. Rxd3 Be4 27. Rd4 Rc7 28. Bb6 Rb7 29. Bxd8 Rxb5 30. Rd7 a4 31. Bh4 a3 32. Be1 a2 33. Bc3 Rb1+ 34. Kf2 Rb6 35. e6 Rxe6 36. Rxg7+ Kf8 37. Rxh7 Ra3 38. Bb4+ Kg8 39. Bxa3 Kxh7 40. Rxa2 Ra6 41. Ra1 Rc6 42. Ra2 Ra6 43. Ra1 Rc6 44. Kg3 Rc2 45. Kh4 Rxg2 46. h3 Rf2 47. Rc1 Rxf4+ 48. Kg5 Rf2 49. Rc7+ Kg8 50. Kf6 f4 51. h4 f3 52. h5 Rh2 53. Kg5 f2 54. Rc8+ Kf7 55. Rf8+ Ke6 56. h6 1-0

[Event "Titled Tuesday intern op 21st May Early"]
[Site "Chess.com INT"]
[Date "2024.05.21"]
[Round "7"]
[White "Vlassov, Nikolai"]
[Black "Adithya, A Chullikkad"]
[Result "1-0"]
[WhiteElo "2299"]
[BlackElo "2216"]
[PlyCount "45"]
[EventDate "2024.05.21"]
[EventType "swiss (blitz)"]
[EventRounds "11"]
[EventCountry "USA"]
[SourceTitle "CBM 220 Extra"]
[Source "ChessBase"]
[SourceDate "2024.07.31"]
[SourceVersion "1"]
[SourceVersionDate "2024.07.31"]
[SourceQuality "1"]

1. e4 a6 2. d4 b5 3. Bd3 Bb7 4. Nf3 Nf6 5. e5 Nd5 6. 0-0 g6 7. Re1 Bg7 8. Nbd2 0-0 9. Ne4 d6 10. e6 f5 11. Neg5 h6 12. Nf7 Qe8 13. Nxh6+ Bxh6 14. Bxh6 Rf6 15. Bg5 Rf8 16. Qd2 c5 17. dxc5 dxc5 18. c4 Nb4 19. Ne5 N8c6 20. Nd7 Nxd3 21. Qxd3 Rd8 22. Bh6 Ne5 23. Rxe5 1-0

[Event "Titled Tuesday intern op 14th May Early"]
[Site "Chess.com INT"]
[Date "2024.05.14"]
[Round "10"]
[White "Adithya, A Chullikkad"]
[Black "Santos Flores, Alberto Javier"]
[Result "1-0"]
[WhiteElo "2215"]
[BlackElo "2191"]
[PlyCount "125"]
[EventDate "2024.05.14"]
[EventType "swiss (blitz)"]
[EventRounds "11"]
[EventCountry "USA"]
[SourceTitle "EXT 2025"]
[Source "ChessBase"]
[SourceDate "2024.10.14"]
[SourceVersion "1"]
[SourceVersionDate "2024.10.14"]
[SourceQuality "1"]

1. d3 d5 2. Nd2 Nf6 3. e4 e5 4. exd5 Nxd5 5. Be2 Nc6 6. Bf3 Be6 7. Ne2 Be7 8. 0-0 0-0 9. a3 Qd7 10. b4 Nd4 11. Bb2 Nxf3+ 12. Nxf3 f6 13. c4 Nb6 14. c5 Na4 15. Bc1 Rfd8 16. Be3 Qxd3 17. Qxa4 Qxe2 18. Rad1 a6 19. Rfe1 Qb5 20. Qc2 a5 21. a4 Qc4 22. Qxc4 Bxc4 23. b5 Bb3 24. Ra1 Rd5 25. Nd2 Bc2 26. Rec1 Bg6 27. b6 cxb6 28. cxb6 Bb4 29. Nc4 Rc8 30. h3 Bd3 31. Nb2 Rxc1+ 32. Rxc1 Ba6 33. Rc7 Bd2 34. Bxd2 Rxd2 35. Nc4 Bxc4 36. Rxc4 Ra2 37. Rc7 Rxa4 38. Rxb7 Rb4 39. Kf1 h5 40. Ke2 Rb3 41. Ra7 Rxb6 42. Rxa5 Rb3 43. Ra7 Kh7 44. Rc7 h4 45. Rc4 g5 46. Rc8 Kg6 47. Rg8+ Kf5 48. Rf8 Rb1 49. Ke3 Rg1 50. Kf3 e4+ 51. Ke3 Rxg2 52. Rb8 Rh2 53. Rb5+ Kg6 54. Kxe4 Rxh3 55. f4 g4 56. f5+ Kg5 57. Rb8 Rh1 58. Rg8+ Kh6 59. Rxg4 h3 60. Rg6+ Kh5 61. Kf3 Rf1+ 62. Kg3 Rxf5 63. Rg8 1-0

[Event "Titled Tuesday intern op 14th May Early"]
[Site "Chess.com INT"]
[Date "2024.05.14"]
[Round "8"]
[White "Baches Garcia, Guillermo"]
[Black "Adithya, A Chullikkad"]
[Result "1/2-1/2"]
[WhiteElo "2322"]
[BlackElo "2215"]
[PlyCount "81"]
[EventDate "2024.05.14"]
[EventType "swiss (blitz)"]
[EventRounds "11"]
[EventCountry "USA"]
[SourceTitle "EXT 2025"]
[Source "ChessBase"]
[SourceDate "2024.10.14"]
[SourceVersion "1"]
[SourceVersionDate "2024.10.14"]
[SourceQuality "1"]

1. d4 c5 2. dxc5 e6 3. Nd2 Bxc5 4. Ne4 d5 5. Nxc5 Qa5+ 6. c3 Qxc5 7. Qd4 Qf8 8. e4 Nc6 9. Bb5 Bd7 10. Bxc6 bxc6 11. exd5 cxd5 12. Nf3 Ne7 13. 0-0 Nc6 14. Qh4 Qe7 15. Qg3 0-0 16. Bf4 Rfe8 17. Rfe1 f6 18. Bd6 Qf7 19. Nd4 a6 20. Rad1 e5 21. Nxc6 Bxc6 22. b4 Rad8 23. Bc5 Bb5 24. h4 Bc4 25. a3 Qd7 26. Rd2 Qa4 27. h5 h6 28. Be3 Kh8 29. Qg6 Re6 30. Bxh6 gxh6 31. Qxh6+ Kg8 32. Re3 Kf7 33. Qh7+ Ke8 34. Rg3 Re7 35. Qh8+ Kd7 36. Qxf6 Qxa3 37. Rg6 Ke8 38. Rg8+ Kd7 39. Rg6 Ke8 40. Rg8+ Kd7 41. Rg6 1/2-1/2

[Event "Titled Tuesday intern op 14th May Early"]
[Site "Chess.com INT"]
[Date "2024.05.14"]
[Round "2"]
[White "Ebrahimi Herab, Hamidreza"]
[Black "Adithya, A Chullikkad"]
[Result "1/2-1/2"]
[WhiteElo "2334"]
[BlackElo "2215"]
[PlyCount "72"]
[EventDate "2024.05.14"]
[EventType "swiss (blitz)"]
[EventRounds "11"]
[EventCountry "USA"]
[SourceTitle "EXT 2025"]
[Source "ChessBase"]
[SourceDate "2024.10.14"]
[SourceVersion "1"]
[SourceVersionDate "2024.10.14"]
[SourceQuality "1"]

1. d4 c6 2. c4 d5 3. Nf3 dxc4 4. a4 Nd7 5. Nc3 e5 6. dxe5 Bb4 7. e3 Ne7 8. Bxc4 0-0 9. 0-0 Nb6 10. Bxf7+ Kxf7 11. Qb3+ Nbd5 12. Nxd5 Nxd5 13. e4 a5 14. Rd1 h6 15. exd5 cxd5 16. Be3 Be6 17. Nd4 Rc8 18. Nxe6 Kxe6 19. Rd3 Qd7 20. Rad1 Rfd8 21. Bb6 Qc6 22. Bxd8 Rxd8 23. Rg3 g5 24. Qd3 Kxe5 25. Re3+ Kd6 26. Qg6+ Kc7 27. Re6 Qc5 28. Qxh6 Rf8 29. Qg7+ Kb8 30. Qd4 Qc2 31. Kh1 Rxf2 32. Re8+ Kc7 33. Qe5+ Kb6 34. Qd4+ Kc7 35. Qg7+ Kb6 36. Qd4+ Kc7 1/2-1/2